| 000 | 00000nam 2200000za 4500 |
| 001 | 9.674491 |
| 003 | CaOODSP |
| 005 | 20210624224755 |
| 007 | cr ||||||||||| |
| 008 | 150407s2002 xxc|||||o f|0| 0 eng d |
| 020 | |a0-662-66227-X |
| 040 | |aCaOODSP|beng |
| 041 | |aeng |
| 041 | |afre |
| 043 | |an-cn--- |
| 086 | 1 |aS52-2/248-2001-PDF |
| 110 | 1 |aCanada. |bPublic Works and Government Services Canada. |bTranslation Bureau. |
| 245 | 10|aAlternate forms of delivery services (AFD) glossary (Real Property Services) |h[electronic resource] / |c[by] Nicole Ouimet in co-operation with Agnès Pelland. |
| 260 | |aOttawa : |bPublic Works and Government Services Canada, |c2002. |
| 300 | |a378 p. |
| 500 | |a"The AFD Glossary contains approximately 3,350 entries..." -- Introd. |
| 504 | |aBibliography. |
| 590 | |a09-06-Supp|b2009-07-27 |
| 690 | 07|aReal estate|2gcpds |
| 690 | 07|aTerminology|2gcpds |
| 700 | 1 |aOuimet, Nicole. |
| 700 | 1 |aPelland, Agnès. |
| 792 | |tLexique sur les autres formes de prestation de services (AFPS) (Services immobiliers) |efre|w(CaOODSP)9.674492 |
| 856 | 40|ahttp://publications.gc.ca|qPDF|s1.25 MB|uhttps://publications.gc.ca/collections/Collection/S52-2-248-2001.pdf |